Statystyki dla Pikselowe Krajowe Kształty #1

Kliknij tutaj aby rozwiązać quiz!

Ogólne statystyki

  • Ten quiz został rozwiązany 2 103 razy
  • Średni wynik to 7 z 15

Statystyki odpowiedzi

kraj% Poprawnych
Wlochy
98%
Australia
88%
Japonia
79%
Hiszpania
75%
Chorwacja
63%
Chile
62%
Wietnam
50%
Papua-Nowa Gwinea
32%
Sri Lanka
32%
Mali
30%
Dem Rep Konga
24%
Somalia
24%
Pakistan
21%
Panama
19%
Korea Poludniowa
15%

Rozkład punktacji

Percentyl według liczby udzielonych odpowiedzi

Procent ludzi z każdym wynikiem

Twoja historia wyników

Nie rozwiązałeś tego quizu